Countries of Africa - One Minute with an Empty Map - Statistics

General Stats
  • This quiz has been taken 1,380 times
  • The average score is 32 of 54
Answers on the Map
Answers color-coded by a green-red scale on the quiz's map according to % correct below.
 
Answer Stats
Hint Country % Correct
#14 Egypt
92%
#1 Algeria
90%
#28 Libya
90%
#48 Sudan
87%
#37 Niger
86%
#10 Chad
84%
#31 Mali
83%
#38 Nigeria
83%
#12 Democratic Republic of the Congo
82%
#34 Morocco
82%
#51 Tunisia
78%
#39 Republic of the Congo
77%
#47 South Sudan
75%
#25 Kenya
73%
#46 South Africa
73%
#18 Ethiopia
72%
#45 Somalia
69%
#32 Mauritania
67%
#9 Central African Republic
65%
#21 Ghana
65%
#49 Tanzania
65%
#50 Togo
64%
#3 Benin
63%
#2 Angola
62%
#16 Eritrea
60%
#52 Uganda
60%
#7 Cameroon
59%
#22 Guinea
59%
#53 Zambia
58%
#36 Namibia
57%
#42 Senegal
57%
#40 Rwanda
56%
#20 Gambia
55%
#13 Djibouti
54%
#6 Burundi
51%
#19 Gabon
51%
#54 Zimbabwe
51%
#26 Lesotho
50%
#27 Liberia
49%
#35 Mozambique
49%
#4 Botswana
48%
#30 Malawi
47%
#5 Burkina Faso
45%
#17 Eswatini
43%
#24 Ivory Coast
43%
#23 Guinea Bissau
42%
#29 Madagascar
41%
#44 Sierra Leone
40%
#8 Cape Verde
34%
#11 Comoros
32%
#33 Mauritius
32%
#41 São Tome and Principe
32%
#43 Seychelles
28%
#15 Equatorial Guinea
26%
No matching quizzes found
Score Distribution
Percent of People with Each Score
Percentile by Number Answered
Your Score History
You have not taken this quiz